000 00744nam a22002890a 4500
001 PT56627
003 AR-LpoUNG
005 20210131231748.0
008 191001s2015||||ag |||||||||||||||||spa d
020 _a9789871673971
_c$15
040 _aAR-LpoUNG
_bspa
_cAR-LpoUNG
_eaacr
041 _aspa
044 _aag
082 0 _aA863 864muc
100 1 _aLópez, Julián
245 1 0 _aUna muchacha muy bella
250 _a1ra. ed., 5ta reimpr.
260 _aBuenos Aires :
_bEterna Cadencia,
_c2015.
300 _a157 p. :
_bil., gráfs.
650 4 _aARGENTINA
650 4 _aLITERATURA
650 4 _aNOVELAS
651 4 _aDOCUMENTOS TEORICOS O METODOLOGICOS
653 _aLITERATURA ARGENTINA
905 _a56627
942 _cLIB
999 _c11820
_d11820